000 00635nam a2200205 a 4500
999 _c4873
_d4873
001 4873
003 BD-JhCC
005 20180328174448.0
008 171204s1974 bg |||| ||a| 000 0 ben d
035 _a(BD-JhCC)4873
040 _aBD-JhCC
_dBD-JhCC
041 _aben
082 _a928
_bCHO 1974
245 _aলালন স্মারকগ্রন্থ /
_cআবুল আহসান চৌধুরী (সম্পাদনা)
260 _aঢাকা :
_bজাতীয় গ্রন্থকেন্দ্র,
_c1974.
300 _a164 p. :
_c21 cm.
650 _aBiography
942 _2ddc
_cBK